000 01395cam a22003855i 4500
001 23251246
005 20240305165702.0
006 m o d
007 cr un ---uuuua
008 230522s2023 sp o 000 0 spa d
010 _a 2023462593
020 _a9788411700443
020 _a9788411702225
_q(electrónico)
035 _a41922
040 _aUtOrBLW
_beng
_erda
_cUtOrBLW
042 _apcc
043 _ae-uk---
050 4 _aHC240.25.G5
_bB74 2023
082 0 4 _a341.24220941
_223
245 0 3 _aEl Brexit en la cooperación transfronteriza entre Gibraltar, Campo de Gibraltar y Andalucía /
_cInmaculada González García (directora) ; Miguel A. Acosta Sánchez [and others].
264 1 _a[Madrid] :
_bDykinson,
_c[2023]
300 _a1 online resource (449 pages)
336 _atext
_btxt
_2rdacontent
337 _acomputer
_bc
_2rdamedia
338 _aonline resource
_bcr
_2rdacarrier
490 1 _aSerie estudios internacionales y europeos de Cádiz
610 2 0 _aEuropean Union
_zGibraltar.
610 2 0 _aEuropean Union
_zSpain
_zCampo de Gibraltar Region.
610 2 0 _aEuropean Union
_zSpain
_zAndalusia.
651 0 _aGibraltar
_xForeign relations
_zSpain.
700 1 _aGonzález García, Inmaculada.
830 0 _aSerie de estudios internacionales y europeos de Cádiz.
856 4 0 _uhttps://app.vlex.com/#/sources/41922
942 _cRAA
999 _c173493
_d173493